| 000 | 00706cam a22002411 4500 | ||
|---|---|---|---|
| 001 | 8395092 | ||
| 003 | ARRUPE | ||
| 005 | 20140611170631.0 | ||
| 008 | 790227s1954 enka 000 0 eng | ||
| 010 | _a 55029597 | ||
| 015 | _aGB54-13659 | ||
| 035 | _a(OCoLC)4694629 | ||
| 040 |
_aDLC _cFTaSU _dFTaSU _dUk _dDLC |
||
| 050 | 0 | 0 |
_aSK35 _b.K613 1954 |
| 082 | 0 | 0 | _a799.29678 |
| 100 | 1 |
_aKoenig, Oskar, _d1896- _910851 |
|
| 245 | 1 | 0 |
_aPori tupu. _cTranslated from the German by the author and Oliver Coburn. |
| 260 |
_aLondon, _bM. Joseph _c[1954] |
||
| 300 |
_a236 p. _billus. _c23 cm. |
||
| 650 | 0 |
_aHunting _zTanzania. _910852 |
|
| 906 |
_a7 _bcbc _coclcrpl _du _encip _f19 _gy-gencatlg |
||
| 942 |
_2lcc _cSPC |
||
| 999 |
_c120714 _d120714 |
||